[Event "Madrid ch - Previa B"]
[Site "Madrid"]
[Date "2009.11.07"]
[Round "3.16"]
[White "Vicario Ramirez, Celestino"]
[Black "De Los Rios Camacho, Juan A"]
[Result "0-1"]
[WhiteElo "1612"]
[BlackElo "1782"]
[PlyCount "56"]
[EventDate "2009.11.05"]
[EventType "swiss"]
[EventRounds "9"]
[EventCountry "ESP"]
[Source "lmi"]
[SourceDate "2009.11.05"]

1. e4 c5 2. Nf3 d6 3. d4 cxd4 4. Nxd4 Nf6 5. Nc3 a6 6. Be3 Ng4 7. Bg5 h6 8. Bh4
g5 9. Bg3 Bg7 10. h3 Ne5 11. Qd2 b5 12. O-O-O Bb7 13. f4 Nc4 14. Bxc4 bxc4 15.
Nf5 Rg8 16. fxg5 Bxc3 17. Qxc3 Bxe4 18. Nxh6 Rxg5 19. Rd2 d5 20. Ng4 f6 21. Re1
Nd7 22. Bh4 Rh5 23. Bxf6 exf6 24. Rxe4+ dxe4 25. Qxc4 Qe7 26. Qc6 Rd8 27. Nxf6+
Qxf6 28. Qxe4+ Re5 0-1

[Event "Madrid ch - Previa B"]
[Site "Madrid"]
[Date "2009.11.07"]
[Round "3.17"]
[White "Corral Aragon, Juan Maria"]
[Black "Martin Garcia, Francisco J"]
[Result "1-0"]
[WhiteElo "1781"]
[BlackElo "1533"]
[PlyCount "93"]
[EventDate "2009.11.05"]
[EventType "swiss"]
[EventRounds "9"]
[EventCountry "ESP"]
[Source "lmi"]
[SourceDate "2009.11.05"]

1. e4 c5 2. Nf3 d6 3. d4 cxd4 4. Nxd4 Nf6 5. Nc3 a6 6. Bg5 e6 7. f4 Be7 8. Qf3
Qc7 9. O-O-O Nbd7 10. g4 Nc5 11. Bxf6 gxf6 12. f5 Bd7 13. Rd2 O-O-O 14. Bg2 Kb8
15. Kb1 Rc8 16. Rc1 Bf8 17. fxe6 Bxe6 18. Nxe6 fxe6 19. Rcd1 Be7 20. Rd4 Nd7
21. Rb4 Ne5 22. Qe2 Qc6 23. Bf1 Ka8 24. Na4 Bd8 25. Nc3 Ba5 26. Rb3 Qd7 27. Qd2
Rhd8 28. Qf4 Qe7 29. Na4 Rc6 30. Rh3 b5 31. Nc3 Bxc3 32. bxc3 Rdc8 33. Kb2 Qc7
34. Qd2 Nc4+ 35. Bxc4 bxc4 36. Qh6 Qb6+ 37. Kc1 Rb8 38. Qxf6 Qb2+ 39. Kd2 Qxa2
40. Rxh7 Qa5 41. Qxe6 Rf8 42. Rf1 Rfc8 43. Rff7 R8c7 44. Qe8+ Kb7 45. Qxc6+
Kxc6 46. Rxc7+ Kb5 47. Rh5+ 1-0

[Event "Madrid ch - Previa B"]
[Site "Madrid"]
[Date "2009.11.07"]
[Round "3.18"]
[White "Jimenez Vera, Ruben"]
[Black "Cano Mercado, Francisco Manuel"]
[Result "1-0"]
[WhiteElo "1554"]
[BlackElo "1887"]
[PlyCount "131"]
[EventDate "2009.11.05"]
[EventType "swiss"]
[EventRounds "9"]
[EventCountry "ESP"]
[Source "lmi"]
[SourceDate "2009.11.05"]

1. d4 Nf6 2. c4 c5 3. Nf3 g6 4. Nc3 Bg7 5. g3 O-O 6. Bg2 cxd4 7. Nxd4 Nc6 8.
O-O a6 9. Re1 Re8 10. e4 e5 11. Nxc6 dxc6 12. Be3 Be6 13. Qxd8 Raxd8 14. Bb6
Rd2 15. b3 Nd7 16. Be3 Rc2 17. Rac1 Rxc1 18. Rxc1 Bf8 19. Na4 b5 20. cxb5 cxb5
21. Nb6 Nxb6 22. Bxb6 Bb4 23. a4 bxa4 24. bxa4 a5 25. Bf1 Rb8 26. Bc7 Rc8 27.
Ba6 Ra8 28. Bb7 Ra7 29. Bd5 Ba3 30. Rc2 Bd7 31. Bxe5 Bb4 32. Bd4 Ra6 33. Rc7
Be6 34. Rb7 Ra8 35. Bxe6 fxe6 36. Rg7+ Kf8 37. Rxh7 Ra6 38. Rg7 Bc5 39. Ba1 Rb6
40. Kg2 Rb1 41. Be5 Bd6 42. Bf6 Bc5 43. Rc7 Bb4 44. h4 Re1 45. f3 Re2+ 46. Kh3
Ra2 47. h5 gxh5 48. Kh4 Rg2 49. g4 hxg4 50. fxg4 Be1+ 51. Kh5 Bb4 52. g5 Bd6
53. Rd7 Rd2 54. Rd8+ Kf7 55. Rd7+ Ke8 56. Rb7 Ra2 57. Kg6 Rxa4 58. e5 Rb4 59.
Rxb4 Bxb4 60. Kh7 a4 61. g6 Bf8 62. Bg5 a3 63. Bd2 a2 64. Bc3 Kd7 65. g7 Bb4
66. Ba1 1-0

[Event "Madrid ch - Previa B"]
[Site "Madrid"]
[Date "2009.11.07"]
[Round "3.19"]
[White "Benito Aragoneses, Miguel Angel"]
[Black "Gomez Arce, David"]
[Result "1-0"]
[WhiteElo "1747"]
[BlackElo "1393"]
[PlyCount "41"]
[EventDate "2009.11.05"]
[EventType "swiss"]
[EventRounds "9"]
[EventCountry "ESP"]
[Source "lmi"]
[SourceDate "2009.11.05"]

1. d4 d5 2. c4 e6 3. Nc3 Nf6 4. Bg5 c5 5. Nf3 Nc6 6. cxd5 exd5 7. dxc5 Bxc5 8.
e3 Be6 9. Be2 O-O 10. O-O d4 11. Ne4 dxe3 12. Nxc5 Qxd1 13. Raxd1 exf2+ 14.
Rxf2 Ng4 15. Rff1 Bxa2 16. Nd4 Nce5 17. b3 f6 18. h3 fxg5 19. hxg4 b6 20. Nce6
Rfe8 21. Nc7 1-0

[Event "Madrid ch - Previa B"]
[Site "Madrid"]
[Date "2009.11.13"]
[Round "4.1"]
[White "Sanchez Millan, Eduardo"]
[Black "Gomez Gonzalez, Javier"]
[Result "1/2-1/2"]
[WhiteElo "1976"]
[BlackElo "2044"]
[PlyCount "49"]
[EventDate "2009.11.05"]
[EventType "swiss"]
[EventRounds "9"]
[EventCountry "ESP"]
[Source "lmi"]
[SourceDate "2009.11.05"]

1. d4 Nf6 2. c4 g6 3. Nc3 Bg7 4. e4 d6 5. Nf3 O-O 6. Be2 e5 7. dxe5 dxe5 8. O-O
Qxd1 9. Rxd1 c6 10. h3 Na6 11. Be3 Nc7 12. b4 Ne6 13. Rac1 Nh5 14. Ng5 Nhf4 15.
Nxe6 Nxe2+ 16. Nxe2 Bxe6 17. a4 f5 18. exf5 gxf5 19. a5 Kh8 20. f3 Kg8 21. Bf2
Kh8 22. Be3 Kg8 23. f4 Kh8 24. fxe5 Bxe5 25. Bd4 1/2-1/2

[Event "Madrid ch - Previa B"]
[Site "Madrid"]
[Date "2009.11.13"]
[Round "4.2"]
[White "Navas Jimenez, Julian"]
[Black "Martin Duque, Jesus"]
[Result "0-1"]
[WhiteElo "1949"]
[BlackElo "2020"]
[PlyCount "98"]
[EventDate "2009.11.05"]
[EventType "swiss"]
[EventRounds "9"]
[EventCountry "ESP"]
[Source "lmi"]
[SourceDate "2009.11.05"]

1. d4 Nf6 2. c4 e6 3. Nc3 Bb4 4. Qc2 O-O 5. a3 Bxc3+ 6. Qxc3 b6 7. Bg5 Bb7 8.
f3 d6 9. e3 Nbd7 10. Bd3 e5 11. Ne2 c5 12. d5 Nxd5 13. Bxd8 Nxc3 14. Be7 Rfe8
15. Bxd6 Nxe2 16. Bxe2 Nf6 17. b4 Rac8 18. bxc5 bxc5 19. Kf2 Re6 20. Rhd1 Ne8
21. Bxe5 Rxe5 22. Rd7 Rc7 23. Rxc7 Nxc7 24. Rd1 Bc8 25. f4 Re8 26. Bf3 Be6 27.
Bc6 Rb8 28. Kf3 Bxc4 29. Rd7 Nb5 30. a4 Nc3 31. Rxa7 Bd5+ 32. Bxd5 Nxd5 33. Rd7
Nb6 34. Ra7 Ra8 35. Rxa8+ Nxa8 36. Ke4 Nc7 37. a5 Kf8 38. g4 Ke7 39. h4 Kd6 40.
h5 Nb5 41. g5 c4 42. f5 Kc5 43. g6 Nd6+ 44. Kf3 fxg6 45. a6 Kb6 46. hxg6 hxg6
47. fxg6 Kxa6 48. e4 Kb5 49. e5 Nc8 0-1

[Event "Madrid ch - Previa B"]
[Site "Madrid"]
[Date "2009.11.13"]
[Round "4.3"]
[White "Tome Vazquez, Oscar"]
[Black "Rojas Pozo, Jose Luis"]
[Result "1/2-1/2"]
[WhiteElo "2020"]
[BlackElo "1931"]
[PlyCount "44"]
[EventDate "2009.11.05"]
[EventType "swiss"]
[EventRounds "9"]
[EventCountry "ESP"]
[Source "lmi"]
[SourceDate "2009.11.05"]

1. Nf3 Nf6 2. c4 c6 3. g3 d5 4. Bg2 Bf5 5. cxd5 cxd5 6. Qb3 Qc8 7. Nc3 e6 8. d3
h6 9. Be3 Nc6 10. h3 Be7 11. O-O O-O 12. Nd4 Bh7 13. Rac1 Qd7 14. Nxc6 bxc6 15.
Na4 Rfc8 16. Bc5 Rab8 17. Qa3 Bd8 18. Rfd1 Rb5 19. Bd4 Be7 20. Bc5 Bd8 21. Bd4
Be7 22. Bc5 Bd8 1/2-1/2

[Event "Madrid ch - Previa B"]
[Site "Madrid"]
[Date "2009.11.13"]
[Round "4.4"]
[White "Ocaña Lameiro, Oliver"]
[Black "Esquivias Gomez, Fco. Javier"]
[Result "1/2-1/2"]
[WhiteElo "1904"]
[BlackElo "2004"]
[PlyCount "55"]
[EventDate "2009.11.05"]
[EventType "swiss"]
[EventRounds "9"]
[EventCountry "ESP"]
[Source "lmi"]
[SourceDate "2009.11.05"]

1. d4 g6 2. Nf3 Bg7 3. g3 d6 4. Bg2 c6 5. O-O f5 6. c4 Nf6 7. Nc3 O-O 8. d5 c5
9. Ng5 h6 10. Nf3 g5 11. h4 g4 12. Ne1 Nh5 13. Nd3 Nd7 14. Be3 b6 15. Rc1 a6
16. Qd2 Kh7 17. Nf4 Nxf4 18. Bxf4 Ne5 19. b3 Rb8 20. e4 Nf3+ 21. Bxf3 gxf3 22.
Qd3 fxe4 23. Qxe4+ Bf5 24. Qxf3 Qd7 25. Rfe1 b5 26. cxb5 axb5 27. Qe2 Rb7 28.
f3 1/2-1/2

[Event "Madrid ch - Previa B"]
[Site "Madrid"]
[Date "2009.11.13"]
[Round "4.5"]
[White "Cardeña Contreras, Javier"]
[Black "Ruiz Quevedo, Andres"]
[Result "1-0"]
[WhiteElo "1862"]
[BlackElo "1928"]
[PlyCount "71"]
[EventDate "2009.11.05"]
[EventType "swiss"]
[EventRounds "9"]
[EventCountry "ESP"]
[Source "lmi"]
[SourceDate "2009.11.05"]

1. e4 c5 2. Nf3 d6 3. d4 cxd4 4. Nxd4 Nf6 5. Nc3 a6 6. Bg5 e6 7. f4 Bd7 8. Qf3
Nc6 9. Nxc6 Bxc6 10. Bc4 Qa5 11. Bxf6 gxf6 12. O-O-O O-O-O 13. g4 h5 14. gxh5
f5 15. Qe3 fxe4 16. Nxe4 Bxe4 17. Qxe4 d5 18. Qe5 Bd6 19. Qf6 Qc7 20. Bb3 Bxf4+
21. Kb1 Rxh5 22. Rd3 Be5 23. Qf2 Kb8 24. h3 Rdh8 25. Rf3 f6 26. Qd2 Rh4 27. c3
Qg7 28. Bc2 Qc7 29. Rd3 Qc5 30. Qg2 Ka7 31. Re1 Qc7 32. Ree3 Qf7 33. Qf2 Bf4
34. Re4+ Ka8 35. Rxf4 R8h6 36. Rxh4 1-0

[Event "Madrid ch - Previa B"]
[Site "Madrid"]
[Date "2009.11.13"]
[Round "4.6"]
[White "De Los Rios Camacho, Juan A"]
[Black "Beltran De Heredia E., Miguel"]
[Result "1/2-1/2"]
[WhiteElo "1782"]
[BlackElo "2054"]
[PlyCount "103"]
[EventDate "2009.11.05"]
[EventType "swiss"]
[EventRounds "9"]
[EventCountry "ESP"]
[Source "lmi"]
[SourceDate "2009.11.05"]

1. e4 c5 2. Nf3 e6 3. d4 cxd4 4. Nxd4 a6 5. Nc3 b5 6. a4 b4 7. Na2 Bb7 8. Bd2
Qb6 9. Be3 Bc5 10. a5 Qa7 11. c3 bxc3 12. Nxc3 Nf6 13. Rc1 O-O 14. b4 Bxb4 15.
Nb3 Qxe3+ 16. fxe3 Nxe4 17. Qd4 Bxc3+ 18. Rxc3 Nxc3 19. Qxc3 Rc8 20. Qd2 Bd5
21. Nd4 Rc5 22. Bd3 e5 23. Nc2 Nc6 24. O-O Rb8 25. e4 Be6 26. Ne3 g6 27. Rb1
Rd8 28. Nd5 Bxd5 29. exd5 Rxd5 30. Rf1 Rf8 31. Qc3 Rxa5 32. Bc4 Kg7 33. Qf3 f5
34. g4 Rc5 35. Qd3 d5 36. Bxa6 e4 37. Qa3 Ra5 38. Qc3+ Kh6 39. Qxc6 f4 40. h4
e3 41. Qd6 Rf7 42. Qe5 Rxa6 43. Qg5+ Kg7 44. Qe5+ Kh6 45. Qg5+ Kg7 46. Rxf4
Ra1+ 47. Kg2 Ra2+ 48. Kf3 Rf2+ 49. Kxe3 R2xf4 50. Qe5+ Kg8 51. Qxf4 Rxf4 52.
Kxf4 1/2-1/2

[Event "Madrid ch - Previa B"]
[Site "Madrid"]
[Date "2009.11.13"]
[Round "4.7"]
[White "Garcia Serrano, Jose M"]
[Black "Jimenez Vera, Ruben"]
[Result "1-0"]
[WhiteElo "1902"]
[BlackElo "1554"]
[PlyCount "65"]
[EventDate "2009.11.05"]
[EventType "swiss"]
[EventRounds "9"]
[EventCountry "ESP"]
[Source "lmi"]
[SourceDate "2009.11.05"]

1. e4 c5 2. d4 cxd4 3. c3 dxc3 4. Nxc3 Nc6 5. Nf3 d6 6. Bc4 e6 7. O-O Nf6 8.
Qe2 Be7 9. Rd1 e5 10. h3 O-O 11. b4 Be6 12. Bxe6 fxe6 13. Be3 Nd4 14. Bxd4 exd4
15. Nxd4 Qd7 16. Rac1 a6 17. Qc4 d5 18. Qb3 Nxe4 19. Nxe4 dxe4 20. Nxe6 Qe8 21.
Nc7+ Qf7 22. Qxf7+ Kxf7 23. Nxa8 Rxa8 24. Rc7 b5 25. Re1 Kf8 26. Rxe4 Bf6 27.
Re6 Rd8 28. g3 Ra8 29. Rec6 Re8 30. Rc8 Bd8 31. Rxa6 Re1+ 32. Kg2 Ke8 33. Rd6
1-0

[Event "Madrid ch - Previa B"]
[Site "Madrid"]
[Date "2009.11.13"]
[Round "4.8"]
[White "Sanz Moriñigo, Francisco J"]
[Black "Torres Sevilla, Cristian"]
[Result "0-1"]
[WhiteElo "1736"]
[BlackElo "1889"]
[PlyCount "70"]
[EventDate "2009.11.05"]
[EventType "swiss"]
[EventRounds "9"]
[EventCountry "ESP"]
[Source "lmi"]
[SourceDate "2009.11.05"]

1. e4 c5 2. Nf3 d6 3. d4 cxd4 4. Nxd4 Nf6 5. Nc3 g6 6. Bc4 Bg7 7. Be3 O-O 8. f3
Nc6 9. Qd2 Bd7 10. h4 h5 11. O-O-O Rc8 12. Bb3 Ne5 13. Kb1 Nc4 14. Bxc4 Rxc4
15. Nb3 a6 16. Bd4 Qc7 17. Rhe1 e5 18. Be3 Rc6 19. Bg5 Be6 20. Bxf6 Bxf6 21. g3
Bg7 22. Nd5 Bxd5 23. exd5 Rc4 24. Re4 f5 25. Rxc4 Qxc4 26. Qg2 Kh7 27. Qf2 Rf7
28. f4 exf4 29. gxf4 Re7 30. Qb6 Re2 31. Rc1 Qxd5 32. Na5 Re7 33. a3 Bd4 34.
Qd8 Bf6 35. Nb3 Bxh4 0-1

[Event "Madrid ch - Previa B"]
[Site "Madrid"]
[Date "2009.11.13"]
[Round "4.9"]
[White "Ortiz Berruguete, Adrian"]
[Black "Nieto Esteban, Manuel"]
[Result "0-1"]
[WhiteElo "1682"]
[BlackElo "1801"]
[PlyCount "54"]
[EventDate "2009.11.05"]
[EventType "swiss"]
[EventRounds "9"]
[EventCountry "ESP"]
[Source "lmi"]
[SourceDate "2009.11.05"]

1. e4 c5 2. Nf3 Nc6 3. Bb5 d6 4. Bxc6+ bxc6 5. h3 g6 6. O-O Bg7 7. Re1 e5 8. d3
Ne7 9. c4 O-O 10. Nc3 f5 11. Qe2 Bd7 12. Bg5 h6 13. Bxe7 Qxe7 14. Rab1 Rab8 15.
a3 a5 16. Na2 g5 17. b4 cxb4 18. axb4 axb4 19. Nxb4 d5 20. exd5 Rxb4 21. dxc6
Bxc6 22. d4 e4 23. d5 Bd7 24. Rbc1 Qc5 25. Nh2 Rfb8 26. Nf1 Rb2 27. Qe3 Bd4 0-1

[Event "Madrid ch - Previa B"]
[Site "Madrid"]
[Date "2009.11.13"]
[Round "4.10"]
[White "Merino Araguas, Jose Javier"]
[Black "Corral Aragon, Juan Maria"]
[Result "1-0"]
[WhiteElo "1866"]
[BlackElo "1781"]
[PlyCount "109"]
[EventDate "2009.11.05"]
[EventType "swiss"]
[EventRounds "9"]
[EventCountry "ESP"]
[Source "lmi"]
[SourceDate "2009.11.05"]

1. d4 d5 2. c4 c6 3. cxd5 cxd5 4. Nc3 Nf6 5. Nf3 Nc6 6. Bf4 a6 7. e3 Nh5 8. Bg5
h6 9. Bh4 g5 10. Bg3 g4 11. Ne5 Nxg3 12. Nxc6 bxc6 13. hxg3 Qb6 14. Qc2 Rb8 15.
b3 e5 16. O-O-O Ba3+ 17. Kb1 e4 18. Na4 Qa5 19. Nc5 Bxc5 20. Qxc5 Qxc5 21. dxc5
a5 22. Rd4 Rb4 23. Kc2 Rxd4 24. exd4 Bf5 25. Kc3 Ke7 26. Be2 h5 27. a3 Bg6 28.
Bxg4 f5 29. Be2 Kf6 30. b4 axb4+ 31. axb4 Kg5 32. b5 cxb5 33. Bxb5 Ra8 34. Rb1
f4 35. gxf4+ Kxf4 36. Rb2 Be8 37. Bxe8 Rxe8 38. Rb7 e3 39. Rf7+ Kg4 40. fxe3
Rxe3+ 41. Kd2 Ra3 42. Rg7+ Kf4 43. c6 Ke4 44. c7 Ra2+ 45. Kc3 Ra1 46. Re7+ Kf4
47. Kb2 Ra8 48. Kb3 Kg3 49. Rg7+ Kh2 50. Kb4 h4 51. Kc5 Ra1 52. Kxd5 Rc1 53.
Kd6 h3 54. gxh3 Kxh3 55. Rg8 1-0

[Event "Madrid ch - Previa B"]
[Site "Madrid"]
[Date "2009.11.13"]
[Round "4.11"]
[White "Marcos Herrero, Francisco"]
[Black "Dominguez Alfara, Miguel"]
[Result "1/2-1/2"]
[WhiteElo "1851"]
[BlackElo "1652"]
[PlyCount "86"]
[EventDate "2009.11.05"]
[EventType "swiss"]
[EventRounds "9"]
[EventCountry "ESP"]
[Source "lmi"]
[SourceDate "2009.11.05"]

1. e4 e5 2. Nf3 Nf6 3. Nxe5 d6 4. Nf3 Nxe4 5. Nc3 Nxc3 6. dxc3 Nc6 7. Bf4 Be7
8. Qd2 O-O 9. O-O-O Bf6 10. Bd3 Be6 11. Ng5 Ne5 12. Nxh7 Re8 13. Nxf6+ Qxf6 14.
Bg5 Nxd3+ 15. cxd3 Qf5 16. Kb1 Bd5 17. Rhg1 Re6 18. f4 Qg4 19. h3 Qg3 20. f5
Ree8 21. f6 Re6 22. fxg7 Rae8 23. Qf4 Qxf4 24. Bxf4 Rg6 25. g3 Kxg7 26. c4 Bf3
27. Rd2 Rge6 28. Rf2 Re1+ 29. Rxe1 Rxe1+ 30. Kc2 Re2+ 31. Rxe2 Bxe2 32. b4 f5
33. a4 Kf6 34. Kd2 Bh5 35. Ke3 Ke6 36. a5 c6 37. b5 cxb5 38. cxb5 a6 39. bxa6
bxa6 40. Kd4 Bd1 41. Kc4 Be2 42. h4 Bg4 43. Kc3 Kd5 1/2-1/2

[Event "Madrid ch - Previa B"]
[Site "Madrid"]
[Date "2009.11.13"]
[Round "4.12"]
[White "Rollano Carcajona, Ruben"]
[Black "Morona Minguez, Irene"]
[Result "1-0"]
[WhiteElo "1718"]
[BlackElo "1844"]
[PlyCount "95"]
[EventDate "2009.11.05"]
[EventType "swiss"]
[EventRounds "9"]
[EventCountry "ESP"]
[Source "lmi"]
[SourceDate "2009.11.05"]

1. d4 d5 2. c4 e6 3. Nf3 Nf6 4. Nc3 Nbd7 5. Bg5 c6 6. e3 Qa5 7. a3 Ne4 8. b4
Bxb4 9. axb4 Qxb4 10. Qc2 Qxc3+ 11. Qxc3 Nxc3 12. c5 Ne4 13. Bf4 f6 14. Bd3
Nexc5 15. dxc5 e5 16. Bg3 e4 17. Nd4 exd3 18. Ne6 Kf7 19. Nc7 Rb8 20. Nxd5 Ne5
21. Nb4 Bf5 22. Rxa7 Ke6 23. e4 Bxe4 24. f4 Bxg2 25. fxe5 Bxh1 26. exf6 Rbg8
27. fxg7 Rxg7 28. Nxd3 Re8 29. Nb4 Kf5+ 30. Kd2 Rd7+ 31. Bd6 Rg8 32. Kc3 Re8
33. Kd3 Bf3 34. Kd2 Re4 35. Nxc6 Re2+ 36. Kd3 Rxh2 37. Nd4+ Kg4 38. Bxh2 h5 39.
Kc4 h4 40. Nxf3 Kxf3 41. c6 Rd2 42. cxb7 Rxh2 43. b8=Q Rg2 44. Rf7+ Kg4 45.
Rg7+ Kh3 46. Rxg2 Kxg2 47. Qg8+ Kh2 48. Kd3 1-0

[Event "Madrid ch - Previa B"]
[Site "Madrid"]
[Date "2009.11.13"]
[Round "4.13"]
[White "Montes Rubio, Miguel"]
[Black "Molina Garcia, Francisco J"]
[Result "1-0"]
[WhiteElo "1717"]
[BlackElo "1842"]
[PlyCount "71"]
[EventDate "2009.11.05"]
[EventType "swiss"]
[EventRounds "9"]
[EventCountry "ESP"]
[Source "lmi"]
[SourceDate "2009.11.05"]

1. d4 d5 2. Nf3 e6 3. Bf4 f5 4. e3 Nf6 5. Nbd2 Be7 6. Bd3 O-O 7. c3 Ne4 8. Ne5
Nd7 9. Ndf3 c6 10. h3 Nxe5 11. Nxe5 Bd7 12. Nxd7 Qxd7 13. Rg1 c5 14. f3 Nf6 15.
Bg5 cxd4 16. exd4 Qd6 17. g3 Qb6 18. Qe2 e5 19. Bxf5 Rae8 20. O-O-O g6 21. Bd3
Bd6 22. Bxf6 exd4 23. Bxd4 Qa5 24. Qg2 Qxa2 25. Bb1 Qc4 26. Bd3 Qa2 27. Qf2 Rc8
28. Qd2 Rxf3 29. Qh6 Qa1+ 30. Kc2 Qa4+ 31. Kb1 Bf8 32. Qg5 Qd7 33. Qg4 Qxg4 34.
hxg4 a6 35. Bc2 Bd6 36. Bb3 1-0

[Event "Madrid ch - Previa B"]
[Site "Madrid"]
[Date "2009.11.13"]
[Round "4.14"]
[White "Gallardo Perez, Jesus"]
[Black "Garcia Hernandez, Javier"]
[Result "0-1"]
[WhiteElo "1832"]
[BlackElo "1640"]
[PlyCount "102"]
[EventDate "2009.11.05"]
[EventType "swiss"]
[EventRounds "9"]
[EventCountry "ESP"]
[Source "lmi"]
[SourceDate "2009.11.05"]

1. c4 Nf6 2. Nc3 e6 3. Nf3 d5 4. e3 c6 5. Be2 Bd6 6. O-O Nbd7 7. d4 O-O 8. a3
Ne4 9. Nxe4 dxe4 10. Nd2 f5 11. c5 Bc7 12. b4 Rf6 13. f4 Rh6 14. Qe1 Nf6 15.
Nc4 Nd5 16. Ne5 Bd7 17. a4 Be8 18. g4 g5 19. Qg3 Bg6 20. gxf5 gxf4 21. exf4
exf5 22. Bd2 Nxb4 23. Bc4+ Nd5 24. Be1 Kf8 25. Kh1 Bf7 26. Rg1 Bxe5 27. dxe5
Rg6 28. Qh3 Rxg1+ 29. Kxg1 Bg6 30. Qh6+ Kg8 31. Bh4 Qf8 32. Qg5 Qxc5+ 33. Bf2
Qxc4 34. h4 Kh8 35. h5 Rg8 36. Kh2 Bf7 37. Qh6 Qe2 38. Rf1 Qxh5+ 39. Qxh5 Bxh5
40. Rb1 b6 41. Rc1 c5 42. a5 Nxf4 43. Bh4 Nd5 44. axb6 axb6 45. Ra1 Re8 46. Ra7
Rxe5 47. Rd7 Kg8 48. Rd8+ Kf7 49. Rd7+ Ne7 50. Bg3 Re6 51. Bf4 e3 0-1

[Event "Madrid ch - Previa B"]
[Site "Madrid"]
[Date "2009.11.13"]
[Round "4.15"]
[White "Vicario Ramirez, Celestino"]
[Black "Noriega De La Sierra, Antonio"]
[Result "0-1"]
[WhiteElo "1612"]
[BlackElo "1881"]
[PlyCount "92"]
[EventDate "2009.11.05"]
[EventType "swiss"]
[EventRounds "9"]
[EventCountry "ESP"]
[Source "lmi"]
[SourceDate "2009.11.05"]

1. e4 c5 2. Nf3 d6 3. d4 cxd4 4. Nxd4 Nf6 5. Nc3 a6 6. Be3 g6 7. f3 Bg7 8. Qd2
Qc7 9. O-O-O Nbd7 10. Kb1 O-O 11. Bh6 Nc5 12. Bxg7 Kxg7 13. h4 b5 14. g4 Bb7
15. Bd3 e5 16. Nf5+ Kh8 17. Qg5 Ne8 18. Qh6 Rg8 19. Ne3 Qe7 20. Ned5 Qf8 21.
Qg5 Ne6 22. Qe3 f6 23. Rh3 Qf7 24. Rdh1 N8c7 25. f4 Nxd5 26. Nxd5 Bxd5 27. exd5
Nxf4 28. Rf3 Nxd5 29. Qf2 Rac8 30. c3 Rgf8 31. Bc2 Qc7 32. Bb3 Qc5 33. Rf1 Kg7
34. h5 Qxf2 35. R1xf2 Nf4 36. Bc2 d5 37. Rh2 Rcd8 38. a4 bxa4 39. Bxa4 Ne6 40.
Rhf2 Nc5 41. Bc2 Ne4 42. Bxe4 dxe4 43. h6+ Kxh6 44. Rxf6 Rxf6 45. Rxf6 e3 46.
Re6 e2 0-1

[Event "Madrid ch - Previa B"]
[Site "Madrid"]
[Date "2009.11.13"]
[Round "4.16"]
[White "Kalinovsky, Martin"]
[Black "Leniz Martinez, Francisco"]
[Result "0-1"]
[WhiteElo "1632"]
[BlackElo "1870"]
[PlyCount "93"]
[EventDate "2009.11.05"]
[EventType "swiss"]
[EventRounds "9"]
[EventCountry "ESP"]
[Source "lmi"]
[SourceDate "2009.11.05"]

1. e4 e6 2. d3 d5 3. Nd2 Nf6 4. Ngf3 b6 5. g3 dxe4 6. dxe4 Bb7 7. Qe2 Be7 8.
Bg2 Nc6 9. c3 e5 10. O-O O-O 11. Rd1 Qe8 12. Nf1 Rd8 13. Bg5 h6 14. Bxf6 Bxf6
15. Ne3 Rxd1+ 16. Rxd1 Be7 17. Bh3 Bc8 18. Bxc8 Qxc8 19. Qb5 Qe6 20. Nd5 Bd8
21. c4 Nb8 22. Nb4 Qg4 23. Kg2 Qxe4 24. Re1 Qb7 25. Qxe5 Bf6 26. Qe2 c6 27. h4
a5 28. Nd3 Nd7 29. Kg1 b5 30. Qe4 Qb6 31. cxb5 cxb5 32. Qf5 Nb8 33. b3 a4 34.
bxa4 bxa4 35. Nf4 Qb2 36. Qb1 Qa3 37. Re3 Qd6 38. Qd3 Qc5 39. Nd5 Bb2 40. Ne7+
Kh8 41. Re1 a3 42. Nd2 Bd4 43. Ne4 Qxe7 44. Qxd4 f5 45. Qc4 fxe4 46. Rxe4 Qb7
47. Re1 0-1

[Event "Madrid ch - Previa B"]
[Site "Madrid"]
[Date "2009.11.13"]
[Round "4.18"]
[White "Ballesteros Galvez, Daniel"]
[Black "Benito Aragoneses, Miguel Angel"]
[Result "1-0"]
[WhiteElo "1557"]
[BlackElo "1747"]
[PlyCount "77"]
[EventDate "2009.11.05"]
[EventType "swiss"]
[EventRounds "9"]
[EventCountry "ESP"]
[Source "lmi"]
[SourceDate "2009.11.05"]

1. e4 c5 2. Nf3 d6 3. d4 cxd4 4. Nxd4 Nf6 5. Nc3 a6 6. Bg5 e6 7. f4 Be7 8. Qf3
Nbd7 9. Bd3 h6 10. Bh4 Qc7 11. h3 Nc5 12. g4 Nxd3+ 13. cxd3 Qb6 14. Nb3 Bd7 15.
Qf2 Qxf2+ 16. Bxf2 b5 17. Ke2 b4 18. Nb1 Rc8 19. N1d2 d5 20. e5 Nh7 21. Rac1
O-O 22. Rhg1 f6 23. Nc5 Bb5 24. Nxe6 Rfe8 25. Nc7 Red8 26. Nxb5 axb5 27. Nb3
fxe5 28. fxe5 Ng5 29. Bh4 d4 30. Rxc8 Rxc8 31. Rc1 Rxc1 32. Nxc1 Kf7 33. Nb3
Ne6 34. Bxe7 Kxe7 35. Kf3 Ng5+ 36. Kg3 Ne6 37. h4 Kd7 38. Kf3 Kc6 39. Ke4 1-0

[Event "Madrid ch - Previa B"]
[Site "Madrid"]
[Date "2009.11.13"]
[Round "4.19"]
[White "Cano Mercado, Francisco Manuel"]
[Black "Lopez Garralon, Miguel"]
[Result "1-0"]
[WhiteElo "1887"]
[BlackElo "1777"]
[PlyCount "87"]
[EventDate "2009.11.05"]
[EventType "swiss"]
[EventRounds "9"]
[EventCountry "ESP"]
[Source "lmi"]
[SourceDate "2009.11.05"]

1. e4 e6 2. d3 d5 3. Nd2 c5 4. g3 Bd6 5. Bg2 Ne7 6. Ngf3 Nbc6 7. O-O O-O 8. Re1
f6 9. Nf1 Rb8 10. h4 b5 11. N1h2 Qc7 12. c3 dxe4 13. dxe4 Rd8 14. Qe2 Ng6 15.
Be3 c4 16. Rad1 Nge5 17. Nxe5 Nxe5 18. f4 Nd3 19. Rf1 a6 20. Nf3 Bb7 21. Nd4
Qd7 22. f5 e5 23. Ne6 Re8 24. Qg4 Bc8 25. h5 Qf7 26. Bh3 Rb7 27. h6 Bxe6 28.
fxe6 Qf8 29. Qh4 Be7 30. hxg7 Qxg7 31. Bf5 Bc5 32. Bxc5 Nxc5 33. Kh2 Nxe6 34.
Rd6 Ng5 35. Rxa6 Rd8 36. Be6+ Kh8 37. Bd5 Rc7 38. Raxf6 Ra7 39. a3 b4 40. axb4
Ra2 41. R1f2 Rxb2 42. R6f5 Rxf2+ 43. Rxf2 Rd6 44. Kg2 1-0

[Event "Madrid ch - Previa B"]
[Site "Madrid"]
[Date "2009.11.14"]
[Round "5.1"]
[White "Martin Duque, Jesus"]
[Black "Sanchez Millan, Eduardo"]
[Result "1-0"]
[WhiteElo "2020"]
[BlackElo "1976"]
[PlyCount "49"]
[EventDate "2009.11.05"]
[EventType "swiss"]
[EventRounds "9"]
[EventCountry "ESP"]
[Source "lmi"]
[SourceDate "2009.11.05"]

1. e4 c5 2. Nf3 d6 3. d4 cxd4 4. Nxd4 Nf6 5. Nc3 g6 6. Be3 Bg7 7. f3 Nc6 8. Qd2
Bd7 9. O-O-O Rc8 10. Kb1 O-O 11. g4 Ne5 12. h4 b5 13. h5 b4 14. Nd5 Nxd5 15.
exd5 Qa5 16. Bh6 Bf6 17. Bxf8 Kxf8 18. g5 Bg7 19. hxg6 hxg6 20. Rh7 f6 21. gxf6
Bxf6 22. Qh6+ Ke8 23. Ne6 Bxe6 24. dxe6 Kd8 25. Qf8+ 1-0

[Event "Madrid ch - Previa B"]
[Site "Madrid"]
[Date "2009.11.14"]
[Round "5.2"]
[White "Rojas Pozo, Jose Luis"]
[Black "Cardeña Contreras, Javier"]
[Result "1/2-1/2"]
[WhiteElo "1931"]
[BlackElo "1862"]
[PlyCount "83"]
[EventDate "2009.11.05"]
[EventType "swiss"]
[EventRounds "9"]
[EventCountry "ESP"]
[Source "lmi"]
[SourceDate "2009.11.05"]

1. e4 e6 2. d4 d5 3. e5 c5 4. c3 Nc6 5. Nf3 Qb6 6. Be2 Nh6 7. Bxh6 gxh6 8. Qd2
cxd4 9. cxd4 Bg7 10. O-O O-O 11. Nc3 f6 12. Na4 Qb4 13. Qxb4 Nxb4 14. a3 Nc6
15. Bb5 Ne7 16. Rfe1 Rb8 17. Nc5 a6 18. Bd7 fxe5 19. Bxe6+ Bxe6 20. Nxe6 Rf5
21. Nxg7 Kxg7 22. dxe5 Nc6 23. Rad1 Rd8 24. h3 Kf7 25. e6+ Ke7 26. Nd4 Nxd4 27.
Rxd4 Rd6 28. Rb4 b6 29. Rg4 Rg5 30. Rxg5 hxg5 31. Re5 h6 32. Kf1 d4 33. Re4 d3
34. Ke1 Rc6 35. Kd2 Rc2+ 36. Kxd3 Rxb2 37. h4 Rxf2 38. hxg5 hxg5 39. Rb4 Rf4
40. Rxf4 gxf4 41. Ke4 Kxe6 42. Kxf4 1/2-1/2